00389nam a2200145Ia 4500008004100000041000800041082001600049100001600065245006000081260002000141300002700161365001600188500001000204700002900214230718s9999 xx 000 0 und d aeng a005.63bBOA aBoardman T. aInside 3d Studio Max 3 Modeling Materials And Rendering c2000bTechmedia a700dRef 744 C (11972) cRs.b270.00 a744 C aBoardman T. & Hubbell J.